Truyện cổ tích loài vật Việt Nam

Nội dung sách gồm một nghiên cứu về các vấn dề cốt lõi của truyện cổ tích loài vật, như xác định tiểu loại đặt ra, bằng việc phân định với các thể loại, kiểu tác phẩm gần gũi, như xem xét vè hình thúc và nội dung của nó....

Popoln opis

Shranjeno v:
Bibliografske podrobnosti
Format: Knjiga
Jezik:Undetermined
Izdano: Hà Nội Hội nhà văn 2017
Teme:
Oznake: Označite
Brez oznak, prvi označite!
Thư viện lưu trữ: Trung tâm Học liệu Trường Đại học Cần Thơ
LEADER 00990nam a2200193Ia 4500
001 CTU_226782
008 210402s9999 xx 000 0 und d
082 |a 398.209597 
082 |b Tr527/Q.1 
245 0 |a Truyện cổ tích loài vật Việt Nam 
245 0 |c Triều Nguyễn (nghiên cứu, sưu tập, giới thiệu) 
260 |a Hà Nội 
260 |b Hội nhà văn 
260 |c 2017 
520 |a Nội dung sách gồm một nghiên cứu về các vấn dề cốt lõi của truyện cổ tích loài vật, như xác định tiểu loại đặt ra, bằng việc phân định với các thể loại, kiểu tác phẩm gần gũi, như xem xét vè hình thúc và nội dung của nó. 
650 |a Văn học dân gian, người Việt,Folk literature, Vietnamese 
904 |i Nhi 
910 |b dqhieu 
980 |a Trung tâm Học liệu Trường Đại học Cần Thơ